Fundamental statistics in Psychology and education / (Record no. 561692)
[ view plain ]
| 000 -LEADER | |
|---|---|
| fixed length control field | 00409nam a2200133Ia 4500 |
| 008 - FIXED-LENGTH DATA ELEMENTS--GENERAL INFORMATION | |
| fixed length control field | 210430s9999 xx 000 0 und d |
| 082 ## - DEWEY DECIMAL CLASSIFICATION NUMBER | |
| Classification number | 310 G9711F |
| 100 ## - MAIN ENTRY--PERSONAL NAME | |
| Personal name | J.P.Guilford, Benjamin Fruchter. |
| 9 (RLIN) | 128949 |
| 245 ## - TITLE STATEMENT | |
| Title | Fundamental statistics in Psychology and education / |
| Statement of responsibility, etc. | J.P.Guilford |
| 250 ## - EDITION STATEMENT | |
| Edition statement | 5th edition |
| 260 ## - PUBLICATION, DISTRIBUTION, ETC. | |
| Place of publication, distribution, etc. | Islamabad |
| Name of publisher, distributor, etc. | National Book Foundation |
| Date of publication, distribution, etc. | 2000 |
| 300 ## - PHYSICAL DESCRIPTION | |
| Extent | 546p. |
| 942 ## - ADDED ENTRY ELEMENTS (KOHA) | |
| Koha item type | Book |
| Source of classification or shelving scheme | |
| Withdrawn status | Lost status | Source of classification or shelving scheme | Damaged status | Not for loan | Permanent Location | Current Location | Shelving location | Date acquired | Full call number | Barcode | Date last seen | Price effective from | Koha item type |
|---|---|---|---|---|---|---|---|---|---|---|---|---|---|
| School of Chemical & Materials Engineering (SCME) | School of Chemical & Materials Engineering (SCME) | General Stacks | 03/11/6 | 310 G9711F | SCME-527 | 04/30/2021 | 04/30/2021 | Book |
